000 01483nam0a22003371 4500
001 v19\rc\2030128
005 20251118181425.6
035 _a(NLR Aleph) 005090775
090 _a7294763
_c7294763
100 _a20251123 rusy50
101 0 _arus
102 _aRU
105 _ay z |||||
200 1 _aО разложении функций в ряды, расположенные по полиномам е x dn xn e-x / dxn
_fЯ.В. Успенский
210 _aПетроград
_cтип. Имп. Акад. наук
_d1916
215 _a1173-1202, 1322-1323 с.
_d27
309 _aБез тит. л.
311 _aОтт. из: Изв. Имп. Акад. наук. 1916
327 0 _aС. 1322: Поправка к статье Успенского...
464 0 _12001#$aПоправка к статье Успенского...
_1215##$aС. 1322
_tПоправка к статье Успенского...
488 0 _12001#$aИзвестия Императорской Академии наук$v1916
_tИзвестия Императорской Академии наук
700 1 _7ca
_8rus
_aУспенский
_bЯ. В.
_cматематик
_f1883-1947
_gЯков Викторович
_9240029
_3RU\NLR\AUTH\770240085
801 0 _aRU
_bNLR
_gpsbo
801 0 _aRU
_bRuMoRGB
_2psbo
801 1 _aRU
_bProSoft-M
_2rusmarc
852 _aNLR
_j34.102.2.7
899 _aRuMoRGB
_jV 220/509
899 _aБАН
942 _cBOOK
980 _aNB